MARC details
| 000 -CABECERA |
| campo de control de longitud fija |
01373cam a2200301 a 4500 |
| 001 - NÚMERO DE CONTROL |
| campo de control |
000007739 |
| 005 - FECHA Y HORA DE LA ÚLTIMA TRANSACCIÓN |
| campo de control |
20200929154300.0 |
| 008 - DATOS DE LONGITUD FIJA--INFORMACIÓN GENERAL |
| campo de control de longitud fija |
841212m19801982sp a b 100 0 spa |
| 010 ## - NÚMERO DE CONTROL DE LA BIBLIOTECA DEL CONGRESO |
| Número de control de LC |
80152727 |
| 020 ## - NÚMERO INTERNACIONAL ESTÁNDAR DEL LIBRO |
| Número Internacional Estándar del Libro |
8400046234 (v. 1) |
| 020 ## - NÚMERO INTERNACIONAL ESTÁNDAR DEL LIBRO |
| Número Internacional Estándar del Libro |
8400050096 (v. 2) |
| 035 ## - NÚMERO DE CONTROL DEL SISTEMA |
| Número de control de sistema |
(DLC) 80152727 |
| 040 ## - FUENTE DE LA CATALOGACIÓN |
| Centro catalogador/agencia de origen |
DO-SdBNP |
| Centro/agencia transcriptor |
DLC |
| Centro/agencia modificador |
DLC |
| -- |
BNPHU |
| 082 ## - NÚMERO DE LA CLASIFICACIÓN DECIMAL DEWEY |
| Número de clasificación |
923.14655 |
| Número de documento/Ítem |
A659e |
| 111 2# - ENTRADA PRINCIPAL--NOMBRE DE CONGRESO/REUNIÓN |
| Nombre de congreso/reunión o jurisdicción como elemento de entrada |
Congreso de Historia de la Corona de Aragón |
| Número del congreso/reunión o número de parte o sección |
(10th : |
| Fecha del congreso/reunión |
1979 : |
| Sede del congreso/Lugar de la reunión |
Zaragoza, Spain) |
| 9 (RLIN) |
21425 |
| 245 10 - MENCIÓN DE TÍTULO |
| Título |
Jaime I y su época : |
| Resto del título |
[comunicaciones] : X Congreso de Historia de la Corona de Aragón. |
| 260 ## - PUBLICACIÓN, DISTRIBUCIÓN, ETC. |
| Lugar de publicación, distribución, etc. |
Zaragoza : |
| Nombre del editor, distribuidor, etc. |
Institucion Fernando el Católico, |
| Fecha de publicación, distribución, etc. |
[1980-1982?]. |
| 300 ## - DESCRIPCIÓN FÍSICA |
| Extensión |
2 v. : |
| Otras características físicas |
ill. ; |
| Dimensiones |
24 cm. |
| 490 1# - MENCIÓN DE SERIE |
| Mención de serie |
Publicación de la Institución "Fernando el Catolico" ; |
| Designación de volumen o secuencia |
núm. 746 |
| 500 ## - NOTA GENERAL |
| Nota general |
Catalan, English, French, Italian, and Spanish. |
| 504 ## - NOTA DE BIBLIOGRAFÍA, ETC. |
| Nota de bibliografía, etc. |
Incluye referencias bibliográficas |
| 505 0# - NOTA DE CONTENIDO CON FORMATO |
| Nota de contenido con formato |
[1.] Expansión político-militar, ordenamiento interior, relaciones exteriores -- [2.] Economía y sociedad, mundo cultural, historiografía y fuentes. |
| 600 04 - PUNTO DE ACCESO ADICIONAL DE MATERIA--NOMBRE DE PERSONA |
| Nombre de persona |
JAIME |
| Numeración |
I |
| Títulos y otros términos asociados al nombre |
REY DE ARAGÓN, |
| Fechas asociadas al nombre |
1208-1276 |
| Subdivisión general |
CONGRESO |
| 9 (RLIN) |
21426 |
| 650 #4 - PUNTO DE ACCESO ADICIONAL DE MATERIA--TÉRMINO DE MATERIA |
| Término de materia o nombre geográfico como elemento de entrada |
Gobernadores |
| 9 (RLIN) |
21427 |
| 651 #4 - PUNTO DE ACCESO ADICIONAL DE MATERIA--NOMBRE GEOGRÁFICO |
| Nombre geográfico |
Aragón (España{Rpara} |
| Subdivisión general |
Historia |
| Subdivisión cronológica |
JAIME I, 1213-1276 |
| 9 (RLIN) |
21428 |
| 830 #0 - PUNTO DE ACCESO ADICIONAL DE SERIE-TÍTULO UNIFORME |
| Título uniforme |
Publicación ... de la Institución "Fernando el Catolico" ; |
| Número de parte o sección de la obra |
núm. 746 |
| 9 (RLIN) |
21429 |
| 910 ## - DATOS DE OPCIÓN DEL USUARIO (OCLC) |
| Datos de opción del usuario |
Catalogación derivada / LC |